[Event "IECC M-5619"]
[Site "IECC email"]
[Date "2007.01.23"]
[Round "?"]
[White "Powell, Wayne"]
[Black "Singleton, Marion"]
[Result "0-1"]
[WhiteElo "903"]
[BlackElo "1068"]
[PlyCount "40"]
[EventDate "2007.??.??"]
[EventType "tourn (corr)"]
[EventRounds "10"]
[SourceTitle "Corr 2008"]
[Source "ChessBase"]
[SourceDate "2008.06.24"]
[SourceVersion "1"]
[SourceVersionDate "2008.06.24"]
[SourceQuality "1"]
[WhiteTeam "US of America"]
[BlackTeam "Philippines"]
[WhiteTeamCountry "USA"]
[BlackTeamCountry "PHI"]

1. e3 e6 2. Nf3 d6 3. Nc3 Nd7 4. Bd3 Ne7 5. Qe2 Nb6 6. 0-0 e5 7. Bb5+ c6 8. Bd3 f5 9. Ng5 d5 10. g3 e4 11. Qh5+ g6 12. Qh4 exd3 13. b3 dxc2 14. Na4 Nxa4 15. bxa4 Bg7 16. Ba3 c5 17. Rac1 Bf6 18. Rxc2 Nc6 19. Bxc5 Bxg5 20. Qh3 Qa5 0-1

[Event "IECC M-5596"]
[Site "IECC email"]
[Date "2006.12.02"]
[Round "?"]
[White "Singleton, Marion"]
[Black "Lapham, Frank"]
[Result "1-0"]
[WhiteElo "1037"]
[BlackElo "741"]
[PlyCount "21"]
[EventDate "2006.??.??"]
[EventType "tourn (corr)"]
[EventRounds "10"]
[SourceTitle "Corr 2020"]
[Source "ChessBase"]
[SourceDate "2019.09.30"]
[SourceVersion "1"]
[SourceVersionDate "2019.09.30"]
[SourceQuality "1"]
[WhiteTeam "Philippines"]
[BlackTeam "United States"]
[WhiteTeamCountry "PHI"]
[BlackTeamCountry "USA"]

1. e3 e5 2. Ne2 Be7 3. Ng3 Bh4 4. Nf5 Bg5 5. Nxg7+ Kf8 6. Nh5 Nf6 7. h4 Nxh5 8. Qxh5 h6 9. hxg5 Qxg5 10. Qxg5 hxg5 11. Rxh8+ 1-0

[Event "IECC M-5545"]
[Site "IECC email"]
[Date "2006.09.03"]
[Round "?"]
[White "Singleton, Marion"]
[Black "Bellew, Paul"]
[Result "1-0"]
[WhiteElo "1020"]
[BlackElo "1048"]
[PlyCount "51"]
[EventDate "2006.??.??"]
[EventType "tourn (corr)"]
[EventRounds "10"]
[SourceTitle "Corr 2020"]
[Source "ChessBase"]
[SourceDate "2019.09.30"]
[SourceVersion "1"]
[SourceVersionDate "2019.09.30"]
[SourceQuality "1"]
[WhiteTeam "Philippines"]
[BlackTeam "Ireland"]
[WhiteTeamCountry "PHI"]
[BlackTeamCountry "IRL"]

1. g3 d5 2. Bg2 e5 3. d3 Nf6 4. Nd2 Nc6 5. b3 Be6 6. Bb2 Qd7 7. Ngf3 Bh3 8. 0-0 Bxg2 9. Kxg2 Bd6 10. e4 d4 11. Nc4 h5 12. c3 0-0-0 13. cxd4 exd4 14. e5 Bxe5 15. Ncxe5 Nxe5 16. Nxe5 Qd5+ 17. Nf3 h4 18. Bxd4 Ng4 19. h3 hxg3 20. hxg4 Rh2+ 21. Kxg3 Rh6 22. Re1 Rdh8 23. Bxg7 Rh3+ 24. Kf4 Rg8 25. Bf6 Rg6 26. Re8+ 1-0